[Event "Bath zt"]
[Site "Bath"]
[Date "1987.??.??"]
[Round "?"]
[White "Mestel, A Jonathan"]
[Black "Speelman, Jonathan S"]
[Result "1/2-1/2"]
[WhiteElo "2520"]
[BlackElo "2550"]

1.e4 c6 2.d4 d5 3.Nc3 dxe4 4.Nxe4 Nd7 5.Bc4 Ngf6 6.Ng5 e6 7.Qe2 Nb6 8.Bd3 h6
9.N5f3 c5 10.dxc5 Bxc5 11.Ne5 Nbd7 12.Ngf3 Nxe5 13.Nxe5 O-O 14.Bd2 Qd5 15.O-O b5
16.Kh1 Bb7 17.f4 b4 18.a3 a5 19.axb4 axb4 20.Rad1 Rad8 21.Bc1 Ne4 22.Bxe4 Qxe4
23.Qxe4 Bxe4 24.Nd7 Bxc2 25.Rd2 Rxd7 26.Rxd7 Rc8 27.f5 Ba4 28.fxe6 fxe6 29.Rd2 Be3
30.Rd8+ Rxd8 31.Bxe3 Rd3 32.Re1 e5 33.Kg1 Kf7 34.Kf2 Ke6 35.Bc1 Bc6 36.Re3 Rd1
37.Re1 Rd7 38.Be3 Bd5 39.Bd4 Rf7+ 40.Kg1 Rf5 41.g4 Rf4 42.Bxe5 Rxg4+ 43.Bg3+ Kd7
44.Kf2 Rc4 45.Ke3 h5 46.Rd1 Re4+ 47.Kf2 Kc6 48.h4 Rg4 49.Re1 g5 50.Rc1+ Kd7
51.Rc7+ Ke6 52.Rg7  1/2-1/2

[Event "Bath zt"]
[Site "Bath"]
[Date "1987.??.??"]
[Round "?"]
[White "Speelman, Jonathan S"]
[Black "Condie, Mark L"]
[Result "1-0"]
[WhiteElo "2550"]
[BlackElo "2415"]

1.Nf3 f5 2.d3 Nf6 3.e4 d6 4.e5 dxe5 5.Nxe5 Nbd7 6.f4 g6 7.Nd2 Bg7 8.d4 e6
9.c3 O-O 10.Bc4 Nxe5 11.fxe5 Nd5 12.Nf3 b6 13.h4 Bb7 14.h5 gxh5 15.Ng5 Qe8
16.Qxh5 h6 17.Nf3 Qxh5 18.Rxh5 Kf7 19.Kf2 Rh8 20.Bd2 c5 21.dxc5 bxc5 22.Rah1 Kg6
23.Ne1 Rad8 24.Nd3 Bf8 25.Be3 Kf7 26.Bxh6 Be7 27.Bc1 Rxh5 28.Rxh5 Rg8 29.g3 Rg4
30.Nf4 Kg8 31.Rh6  1-0

[Event "Bath zt"]
[Site "Bath"]
[Date "1987.??.??"]
[Round "?"]
[White "Speelman, Jonathan S"]
[Black "Kalinin, Vladimir"]
[Result "1-0"]
[WhiteElo "2550"]
[BlackElo "2235"]

1.c4 e6 2.Nc3 d5 3.d4 c6 4.e3 Nf6 5.Nf3 Nbd7 6.Bd3 Bb4 7.O-O O-O 8.a3 Bd6
9.Re1 e5 10.cxd5 cxd5 11.e4 dxe4 12.Nxe4 Nxe4 13.Rxe4 exd4 14.Rxd4 Bc5 15.Rh4 g6
16.Bg5 Be7 17.Bxe7 Qxe7 18.Qd2 Nf6 19.Re1 Qd6 20.Rd4 Qb6 21.Bc4 Nh5 22.Qh6 Qf6
23.Ng5 Qg7 24.Nxf7 Qxh6 25.Nxh6+ Kg7 26.Ng8 b5 27.Bb3 a5 28.g4 Nf4 29.Re7+ Kh8
30.Nf6 Nh3+ 31.Kf1 Ng5 32.h4  1-0

[Event "Bath zt"]
[Site "Bath"]
[Date "1987.??.??"]
[Round "?"]
[White "Speelman, Jonathan S"]
[Black "Le Blancq, Simon"]
[Result "1-0"]
[WhiteElo "2550"]
[BlackElo "2285"]

1.Nf3 Nf6 2.c4 e6 3.Nc3 b6 4.e4 Bb7 5.Bd3 Bb4 6.e5 Ng4 7.Be4 Bxe4 8.Nxe4 f5
9.Ng3 Nh6 10.O-O Nf7 11.d4 Be7 12.d5 c5 13.Nh5 O-O 14.Re1 Qc8 15.h4 Na6 16.Bf4 Bd8
17.Qd2 Nc7 18.Rad1 Qb7 19.dxe6 dxe6 20.Ng5 Bxg5 21.Bxg5 h6 22.Be7 Rfe8 23.Qd7 Qc8
24.Re3 Nd5 25.Qxc8 Raxc8 26.cxd5 Rxe7 27.d6 Rd7 28.f4 Kh7 29.g4 fxg4 30.Kg2 Kg6
31.f5+ Kxf5 32.Nxg7+ Kg6 33.Nxe6 Kf5 34.Nc7 Rcxc7 35.dxc7 Rxc7 36.e6  1-0

[Event "Beersheba"]
[Site "Beersheba"]
[Date "1987.??.??"]
[Round "?"]
[White "Speelman, Jonathan S"]
[Black "Gurevich, Dmitry"]
[Result "1/2-1/2"]
[WhiteElo "2555"]
[BlackElo "2535"]

1.Nf3 c5 2.c4 b6 3.e3 e6 4.d4 Nf6 5.Be2 Bb7 6.O-O cxd4 7.exd4 Be7 8.Nc3 d5
9.Ne5 O-O 10.Bf3 Nc6 11.Re1 Rc8 12.cxd5 Nxe5 13.Rxe5 Nxd5 14.Nxd5  1/2-1/2

[Event "Beersheba"]
[Site "Beersheba"]
[Date "1987.??.??"]
[Round "?"]
[White "Kortschnoj, Viktor"]
[Black "Speelman, Jonathan S"]
[Result "1/2-1/2"]
[WhiteElo "2625"]
[BlackElo "2555"]

1.d4 g6 2.c4 Bg7 3.e4 d6 4.Nc3 Nc6 5.d5 Nd4 6.Be3 c5 7.Nge2 Qb6 8.Nxd4 cxd4
9.Na4 Qa5+ 10.Bd2 Qc7 11.Bd3 Nf6 12.b4 Ng4 13.Rc1 O-O 14.O-O Ne5 15.Nb2 a5
16.Bb1 axb4 17.Bxb4 b6 18.a3 Nd7 19.f4 Nc5 20.Qf3 f5 21.exf5 Bxf5 22.Bxf5 Rxf5
23.Qe2 Rf7 24.Rf3 Raf8 25.Rcf1 d3 26.Nxd3 Nb3 27.Qe4 Nd4 28.R3f2 Qxc4 29.g4 b5
30.Kh1 Nb3 31.Re2 Rc8 32.Kg2 Nd4 33.Ref2 Nc2 34.Re2 Qxe4+ 35.Rxe4 Rc4 36.Kf3 Nd4+
37.Kg2 Nc2  1/2-1/2

[Event "Beersheba"]
[Site "Beersheba"]
[Date "1987.??.??"]
[Round "?"]
[White "Speelman, Jonathan S"]
[Black "Arnason, Jon L"]
[Result "1/2-1/2"]
[WhiteElo "2555"]
[BlackElo "2540"]

1.Nf3 Nf6 2.c4 e6 3.Nc3 Bb4 4.g3 O-O 5.Bg2 d5 6.a3 Bxc3 7.bxc3 c5 8.O-O Nc6
9.Rb1 b6 10.d3 Bb7 11.Qa4 Qe7 12.Re1 h6 13.cxd5 exd5 14.c4 d4 15.e4 dxe3
16.Bxe3 Qd7 17.Ne5 Nxe5 18.Qxd7 Nfxd7 19.Bxb7 Rab8 20.Be4 Rfe8 21.Bf4 g5
22.Bxe5 Nxe5 23.h3 Rbd8 24.Re3 Kf8 25.Bd5 Re7 26.a4 f5 27.a5 Rd6 28.axb6 axb6  1/2-1/2

[Event "Beersheba"]
[Site "Beersheba"]
[Date "1987.??.??"]
[Round "?"]
[White "Watson, William N"]
[Black "Speelman, Jonathan S"]
[Result "1/2-1/2"]
[WhiteElo "2500"]
[BlackElo "2555"]

1.e4 c6 2.Nc3 d5 3.d4 dxe4 4.Nxe4 Nd7 5.Nf3 Ngf6 6.Nxf6+ Nxf6 7.Ne5 Nd7 8.Nf3 Nf6
9.Ne5 Nd7 10.Nf3 Nf6  1/2-1/2

[Event "Beersheba"]
[Site "Beersheba"]
[Date "1987.??.??"]
[Round "?"]
[White "Speelman, Jonathan S"]
[Black "Kuijf, Marinus"]
[Result "1-0"]
[WhiteElo "2555"]
[BlackElo "2470"]

1.c4 c6 2.e4 d5 3.cxd5 cxd5 4.exd5 Nf6 5.Bb5+ Nbd7 6.Nc3 a6 7.Qa4 g6 8.Nf3 Bg7
9.O-O O-O 10.Bxd7 Bxd7 11.Qb3 b5 12.d4 Qa5 13.Ne5 Rac8 14.Bg5 Rfd8 15.d6 Be6
16.d5 Nxd5 17.Nxd5 Bxe5 18.Nxe7+ Kg7 19.Qe3 Bxb2 20.Nxc8 Rxc8 21.Rad1 Re8
22.d7  1-0

[Event "Beersheba"]
[Site "Beersheba"]
[Date "1987.??.??"]
[Round "?"]
[White "Speelman, Jonathan S"]
[Black "Rohde, Michael A"]
[Result "1-0"]
[WhiteElo "2555"]
[BlackElo "2530"]

1.d4 Nf6 2.Nf3 e6 3.g3 c5 4.Bg2 cxd4 5.O-O d5 6.Nxd4 Bc5 7.Nb3 Bb6 8.c4 Nc6
9.cxd5 Nxd5 10.Nc3 Nxc3 11.bxc3 O-O 12.Ba3 Re8 13.Qxd8 Rxd8 14.Rfd1 Bd7 15.Bd6 Rdc8
16.a4 Be8 17.c4 a5 18.c5 Bd8 19.Nd2 b6 20.cxb6 Bxb6 21.Nc4 Bd8 22.Rac1 Ra6
23.Bf4 Be7 24.Nd6 Bxd6 25.Rxd6 h6 26.h4 Kf8 27.Rd3 f6 28.Be3 Kf7 29.Rb3 Rc7
30.Rbc3 f5 31.Bf4 Rc8 32.e4 Bd7 33.exf5 exf5 34.Bd5+ Kf6 35.Bc4 Raa8 36.Rd3 Ra7
37.Re1 Kg6 38.Bb5 Kh7 39.Red1 Be8 40.Rc3 Re7 41.Rdc1 Re6 42.Rc5 Rf6 43.h5 Bd7
44.Rd5 Be8 45.Bd3 Kg8 46.Bxf5 Rd8 47.Be4 Rxd5 48.Bxd5+ Kh7 49.Rc5 Bd7 50.Bc4 Nd4
51.Rd5 Nf3+ 52.Kg2 Bg4 53.Be2 Nh4+ 54.Kf1 Bf3 55.Bd3+ Kg8 56.Rxa5 Rc6 57.Bf5  1-0

[Event "Beersheba"]
[Site "Beersheba"]
[Date "1987.??.??"]
[Round "?"]
[White "Speelman, Jonathan S"]
[Black "Shvidler, Eliahu"]
[Result "1-0"]
[WhiteElo "2555"]
[BlackElo "2450"]

1.d4 d5 2.Nf3 Nf6 3.c4 c6 4.Nc3 e6 5.Qb3 dxc4 6.Qxc4 b5 7.Qb3 Nbd7 8.g3 b4
9.Na4 Ba6 10.Bg2 Qa5 11.Qd1 Rd8 12.O-O Be7 13.Bd2 Bxe2 14.Qxe2 Qxa4 15.Ne5 Nxe5
16.dxe5 Nd5 17.Qg4 g6 18.Rfc1 O-O 19.Bh6 Rfe8 20.h4 Bf8 21.Bxf8 Kxf8 22.h5 Qb5
23.Rc4 Nb6 24.Re4 f5 25.exf6 Qxh5 26.Qxh5 gxh5 27.Rxb4 e5 28.Rc1 Rd4 29.Rb3 Re6
30.Ra3 Rxf6 31.Rxa7 Rd2 32.Rxc6 Rfxf2 33.Bh3 Rxb2 34.Rxb6 Rxb6 35.Kxf2 Rb2+
36.Kf3 Rh2 37.Be6 h4 38.gxh4 Rxh4 39.a4 Rf4+ 40.Ke3 h5 41.Rf7+  1-0

[Event "Beersheba"]
[Site "Beersheba"]
[Date "1987.??.??"]
[Round "?"]
[White "Birnboim, Nathan"]
[Black "Speelman, Jonathan S"]
[Result "0-1"]
[WhiteElo "2465"]
[BlackElo "2555"]

1.d4 d5 2.c4 dxc4 3.Nf3 Nf6 4.Nc3 c6 5.a4 Na6 6.Ne5 Ng4 7.Bf4 Nxe5 8.Bxe5 f6
9.Bg3 e5 10.e3 exd4 11.exd4 Be6 12.Be2 Bd6 13.d5 Bxd5 14.Nxd5 cxd5 15.Kf1 Be5
16.Bh5+ g6 17.f4 Bc7 18.Bf3 Nb4 19.Qe1+ Qe7 20.Qc3 O-O-O 21.Re1 Qc5 22.Qxf6 Rhe8
23.Rxe8 Rxe8 24.Bf2 Nd3 25.Qh4 Qb4 26.g4  0-1

[Event "Hastings8788"]
[Site "Hastings"]
[Date "1987.??.??"]
[Round "1"]
[White "Davies, Nigel R"]
[Black "Speelman, Jonathan S"]
[Result "1/2-1/2"]
[WhiteElo "2460"]
[BlackElo "2615"]

1.e4 e5 2.Nf3 Nc6 3.Bb5 Bc5 4.c3 f5 5.d4 fxe4 6.Bxc6 dxc6 7.Nxe5 Bd6 8.Qh5+ g6
9.Qe2 Qh4 10.Nd2 Bf5 11.g4 Bxe5 12.gxf5 Bf6 13.fxg6 hxg6 14.Qxe4+ Kf7 15.Qxh4 Rxh4
16.Nf3 Re8+ 17.Kf1 Rh5 18.Be3 Rb5 19.b3 Rf5 20.Kg2 Ne7 21.Rae1 c5 22.c4 cxd4
23.Nxd4 Bxd4 24.Bxd4 Rg5+ 25.Kf1 Rd8 26.Be5 Rd7 27.Bf4 Rf5 28.Be3 Ra5 29.Re2 Nf5  1/2-1/2

[Event "Hastings8788"]
[Site "Hastings"]
[Date "1987.??.??"]
[Round "2"]
[White "Speelman, Jonathan S"]
[Black "Short, Nigel D"]
[Result "1/2-1/2"]
[WhiteElo "2615"]
[BlackElo "2620"]

1.d4 Nf6 2.Nf3 e6 3.c4 b6 4.g3 Bb7 5.Bg2 Bb4+ 6.Bd2 a5 7.O-O O-O 8.Bf4 Be7
9.Nc3 Ne4 10.Na4 d5 11.cxd5 exd5 12.Rc1 Nc6 13.Nc3 Nxc3 14.Rxc3 Bb4 15.Rc1 Bd6
16.Qc2 Bxf4 17.gxf4 Qd6 18.e3 f6 19.a3 Qe6 20.Rfd1 Rac8 21.Qa4 Nd8 22.Rc3 Rf7
23.Rdc1 Re7 24.b4 axb4 25.Qxb4 Nf7 26.a4 Nd6 27.Nd2 g5 28.fxg5 fxg5 29.a5 bxa5
30.Qxa5 c6 31.Nb3 Qf7 32.Qb4 Ne4 33.R3c2 Rf8 34.Na5 Ba8  1/2-1/2

[Event "Hastings8788"]
[Site "Hastings"]
[Date "1987.??.??"]
[Round "3"]
[White "Nunn, John DM"]
[Black "Speelman, Jonathan S"]
[Result "1/2-1/2"]
[WhiteElo "2585"]
[BlackElo "2615"]

1.e4 e5 2.Nf3 Nc6 3.Bb5 Nf6 4.O-O Nxe4 5.d4 Be7 6.dxe5 O-O 7.Qd5 Nc5 8.Be3 b6
9.Nc3 Rb8 10.Rad1 Qe8 11.Rfe1 a6 12.Bf1 Kh8 13.Qd2 Bd8 14.Nd5 Ne6 15.c4 b5
16.cxb5 axb5 17.b4 Ne7 18.Nc3 c6 19.Ne4 Bc7 20.Nd6 Bxd6 21.exd6 Nd5 22.Bc5 Qd8
23.Ne5 Ra8 24.Bd3 Ndf4 25.g3 Nxd3 26.Nxd3 Qf6 27.Ne5 Kg8 28.Re3 Qf5 29.Rc1 f6
30.Nf3 Bb7 31.a3 Ra4 32.Qe2 Rfa8 33.Re1 h5 34.Nh4 Qg4 35.Qb2 Qg5 36.Qe2 Nxc5
37.f4 Qd5 38.Re8+ Kh7 39.f5 Qd4+ 40.Kg2 Kh6  1/2-1/2

[Event "Hastings8788"]
[Site "Hastings"]
[Date "1987.??.??"]
[Round "4"]
[White "Speelman, Jonathan S"]
[Black "Psakhis, Lev"]
[Result "1/2-1/2"]
[WhiteElo "2615"]
[BlackElo "2575"]

1.d4 e6 2.g3 c5 3.Nf3 Nf6 4.Bg2 Qc7 5.O-O cxd4 6.Nxd4 a6 7.b3 d5 8.c4 dxc4
9.Bg5 Be7 10.Nd2 h6 11.Bxf6 Bxf6 12.Ne4 Be7 13.Rc1 O-O 14.Rxc4 Qb6 15.Qc2 Nd7
16.Rd1 Ne5 17.Rc7 Re8 18.Nd2 Rb8 19.e3  1/2-1/2

[Event "Hastings8788"]
[Site "Hastings"]
[Date "1987.??.??"]
[Round "5"]
[White "Benjamin, Joel"]
[Black "Speelman, Jonathan S"]
[Result "1/2-1/2"]
[WhiteElo "2575"]
[BlackElo "2615"]

1.d4 Nf6 2.c4 e6 3.Nf3 Bb4+ 4.Bd2 a5 5.g3 b6 6.Bg2 Bb7 7.O-O O-O 8.Bg5 Be7
9.Qc2 Be4 10.Qd2 h6 11.Bxf6 Bxf6 12.Nc3 d5 13.Rfd1 Nc6 14.e3 Bh7 15.Qe2 Rc8
16.Rac1 Ne7 17.e4 Bxe4 18.Nxe4 dxe4 19.Qxe4 Qd6 20.c5 bxc5 21.dxc5 Qc6 22.Qe2 Rfd8
23.b3 Rxd1+ 24.Qxd1 Qb5 25.h4 Nf5 26.Bf1 Qb7 27.Bg2 Rd8 28.Qe1 Qb5 29.Qe4 Nd4
30.Rc4 Nxf3+  1/2-1/2

[Event "Hastings8788"]
[Site "Hastings"]
[Date "1987.??.??"]
[Round "6"]
[White "Larsen, Bent"]
[Black "Speelman, Jonathan S"]
[Result "0-1"]
[WhiteElo "2570"]
[BlackElo "2615"]

1.Nf3 d5 2.c4 dxc4 3.e3 Nf6 4.Bxc4 e6 5.O-O a6 6.b3 Be7 7.Bb2 O-O 8.d4 b5
9.Be2 Bb7 10.Nbd2 Nbd7 11.a4 Qb8 12.Qb1 c5 13.Rc1 cxd4 14.Nxd4 Bb4 15.N2f3 bxa4
16.Rxa4 Be4 17.Qa1 a5 18.Nc6 Bxc6 19.Rxc6 Qb7 20.Rc1 Rac8 21.Nd4 Nc5 22.Bf3 Qb6
23.Nc6 Nxb3 24.Bd4 Qb5 25.Rxb4 axb4 26.Qb2 Nxd4 27.Ne7+ Kh8 28.Nxc8 Nxf3+
29.gxf3 Qb7 30.Nd6 Qxf3 31.Qxb4 h6 32.Qh4 Qd5 33.Qf4 Kg8 34.e4 Qd4 35.Rc4 Qd1+
36.Kg2 Nh5 37.Qf3 Qxd6 38.Qxh5 Qd3 39.Qb5 Qe2 40.h3 Rd8 41.Rb4 Qe1 42.Qa4 Rd1
43.Rb3 Qg1+ 44.Kf3 Rd2  0-1

[Event "Hastings8788"]
[Site "Hastings"]
[Date "1987.??.??"]
[Round "8"]
[White "Speelman, Jonathan S"]
[Black "Davies, Nigel R"]
[Result "1/2-1/2"]
[WhiteElo "2615"]
[BlackElo "2460"]

1.d4 Nf6 2.c4 g6 3.Nc3 d5 4.Nf3 Bg7 5.cxd5 Nxd5 6.e4 Nxc3 7.bxc3 c5 8.Bb5+ Nc6
9.O-O cxd4 10.cxd4 O-O 11.Be3 Bg4 12.Bxc6 bxc6 13.Rc1 Qa5 14.h3 Bxf3 15.Qxf3 Qxa2
16.Ra1 Qe6 17.Ra6 Bxd4 18.Bxd4 Qc4 19.Rxa7 Qxd4 20.Rxe7  1/2-1/2

[Event "Hastings8788"]
[Site "Hastings"]
[Date "1987.??.??"]
[Round "9"]
[White "Short, Nigel D"]
[Black "Speelman, Jonathan S"]
[Result "1-0"]
[WhiteElo "2620"]
[BlackElo "2615"]

1.e4 c6 2.d4 d5 3.Nd2 dxe4 4.Nxe4 Nd7 5.Bc4 Ngf6 6.Ng5 e6 7.Qe2 Nb6 8.Bb3 h6
9.N5f3 a5 10.a4 c5 11.Bf4 Bd6 12.Ne5 cxd4 13.O-O-O O-O 14.Ngf3 Nbd5 15.Bg3 b5
16.Nc6 Qc7 17.axb5 a4 18.Bxd5 Nxd5 19.Nfxd4 a3 20.c4 a2 21.Kc2 e5 22.cxd5 exd4
23.b3 Bd7 24.Qc4 Bxc6 25.dxc6 Bxg3 26.hxg3 Qe5 27.c7 d3+ 28.Kxd3 Qf5+ 29.Kc3 Qxf2
30.Rhf1 Qe3+ 31.Kb2 Rac8 32.Rc1 Qe5+ 33.Qc3 a1=Q+ 34.Kxa1 Qxb5 35.Rf2 Rfe8
36.Rd2 Qb6 37.Kb2 Re7 38.Rd8+ Rxd8 39.cxd8=Q+ Qxd8 40.Qc8 Re2+ 41.Ka3 Qxc8
42.Rxc8+ Kh7 43.Rc3 Rxg2 44.b4 Re2 45.b5 Kg6 46.b6 Re6 47.b7  1-0

[Event "Hastings8788"]
[Site "Hastings"]
[Date "1987.??.??"]
[Round "10"]
[White "Speelman, Jonathan S"]
[Black "Nunn, John DM"]
[Result "1-0"]
[WhiteElo "2615"]
[BlackElo "2585"]

1.Nf3 Nf6 2.c4 g6 3.Nc3 Bg7 4.e4 d6 5.d4 O-O 6.Be2 e5 7.O-O Nc6 8.Be3 Re8
9.dxe5 dxe5 10.h3 Be6 11.c5 Qe7 12.Qc2 Rad8 13.Rad1 Rxd1 14.Rxd1 Rd8 15.Bb5 Rxd1+
16.Qxd1 Bd7 17.Bc4 Be6 18.Bd5 Qd7 19.Qb3 b6 20.Bxe6 fxe6 21.Qc4 h6 22.b4 Nh5
23.g3 Kh7 24.Kg2 Nd4 25.b5 Nxf3 26.Kxf3 Nf6 27.a4 h5 28.c6 Qf7 29.Ke2 Bh6
30.Bxh6 Kxh6 31.h4 Qe7 32.Nb1 Qd6 33.Nd2 g5 34.Qd3 Qc5 35.Qd8  1-0

[Event "Hastings8788"]
[Site "Hastings"]
[Date "1987.??.??"]
[Round "12"]
[White "Speelman, Jonathan S"]
[Black "Benjamin, Joel"]
[Result "1-0"]
[WhiteElo "2615"]
[BlackElo "2575"]

1.Nf3 Nf6 2.c4 e6 3.Nc3 Bb4 4.e3 O-O 5.Be2 Bxc3 6.bxc3 d6 7.O-O e5 8.Ne1 Nbd7
9.f3 Ne8 10.e4 f5 11.exf5 Rxf5 12.d4 Rf8 13.Be3 Nef6 14.c5 exd4 15.cxd4 Nd5
16.Bc4 Nf6 17.Bg5 dxc5 18.dxc5 Be6 19.Qb3 h6 20.Bh4 b6 21.Nd3 c6 22.Rfe1 Bf7
23.Qb2 bxc5 24.Ne5 Qb6 25.Qc1 Be8 26.Rb1 Qa5 27.Rb7 Kh8 28.Bf2 Rd8 29.Bb3 Qa6
30.Qxc5 Rg8 31.Rxa7 Qb5 32.Qxb5 cxb5 33.Rd1 Rc8 34.h3 Nc3 35.Rd2 Rf8 36.Be6 Nb1
37.Bxc8  1-0

[Event "Hastings8788"]
[Site "Hastings"]
[Date "1987.??.??"]
[Round "13"]
[White "Speelman, Jonathan S"]
[Black "Larsen, Bent"]
[Result "1/2-1/2"]
[WhiteElo "2615"]
[BlackElo "2570"]

1.Nf3 c5 2.c4 Nc6 3.Nc3 Nf6 4.e3 e6 5.d4 d5 6.cxd5 exd5 7.Bb5 cxd4 8.Nxd4 Bd7
9.Nf3 Be6 10.Qa4 Qb6 11.O-O Be7 12.e4 dxe4 13.Be3 Qc7 14.Nxe4 O-O 15.Rac1 Bd5
16.Nxf6+ Bxf6 17.Bf4 Qc8 18.Ne5 Bxe5 19.Bxe5 Re8 20.Bg3 Qe6 21.a3 Rad8 22.Bxc6 Bxc6
23.Qb4 Rd3 24.Rce1 Qd5 25.Rxe8+ Bxe8 26.h4 f6 27.Qe7 Bc6 28.f3 h6 29.Kh2 a5
30.Re1 Qb3 31.Re6 Rd2 32.Re2 Rxb2 33.Rxb2 Qxb2 34.Qe6+ Kh7 35.Qf5+ Kg8 36.Qe6+  1/2-1/2

[Event "Subotica Interzonal"]
[Site "Subotica"]
[Date "1987.??.??"]
[Round "6"]
[White "Speelman, Jonathan S"]
[Black "Short, Nigel D"]
[Result "1/2-1/2"]
[WhiteElo "2550"]
[BlackElo "2615"]

1.d4 Nf6 2.c4 g6 3.Nc3 Bg7 4.e4 d6 5.f3 O-O 6.Be3 e5 7.d5 Nh5 8.Qd2 Qh4+
9.Bf2 Qf4 10.Be3 Qh4+ 11.Bf2 Qe7  1/2-1/2

[Event "BCF-ch"]
[Site "Swansea"]
[Date "1987.??.??"]
[Round "?"]
[White "Speelman, Jonathan S"]
[Black "Gallagher, Joseph G"]
[Result "0-1"]
[WhiteElo "2615"]
[BlackElo "2405"]

1.d4 Nf6 2.Nf3 g6 3.c4 Bg7 4.Nc3 O-O 5.e4 d6 6.Be2 e5 7.Be3 Ng4 8.Bg5 f6
9.Bh4 Nc6 10.dxe5 dxe5 11.O-O Nh6 12.Qb3 Kh8 13.Rad1 Qe8 14.Nd5 Rf7 15.h3 f5
16.Rfe1 fxe4 17.Ng5 Nf5 18.Bg4 Nxh4 19.Nxf7+ Qxf7 20.Rxe4 Nf5 21.Bxf5 Bxf5
22.Re3 Rb8 23.g4 Be6 24.Rf3 Qg8 25.Nf6 Qc8 26.Qe3 Nd4 27.Rxd4 exd4 28.Qxd4 Qd8
29.Qe4 Qd1+ 30.Kg2 Qd6 31.g5 Bf5 32.Qh4 Bxf6 33.gxf6 Rf8 34.Re3 Qxf6 35.Qg3 Qc6+
36.Kh2 Qd6 37.Re5 Bd7 38.Qc3 Qf6  0-1

[Event "BCF-ch"]
[Site "Swansea"]
[Date "1987.??.??"]
[Round "?"]
[White "Speelman, Jonathan S"]
[Black "Rogers, Ian"]
[Result "1-0"]
[WhiteElo "2615"]
[BlackElo "2535"]

1.d4 Nf6 2.Nf3 e6 3.g3 c5 4.Bg2 cxd4 5.O-O d5 6.Nxd4 e5 7.Nb3 Nc6 8.Bg5 Be6
9.Nc3 d4 10.Ne4 Be7 11.Nec5 Bc8 12.e3 O-O 13.exd4 exd4 14.Re1 h6 15.Bf4 Nd5
16.Bd2 Nc7 17.Qh5 Ne8 18.Qd5 Bd6 19.Bf4 Bxf4 20.Qxd8 Nxd8 21.gxf4 Ne6 22.Nxe6 fxe6
23.Nxd4 Nc7 24.Rad1 Rb8 25.f5 exf5 26.Re7 Rf7 27.Nc6 Rxe7 28.Nxe7+ Kf7 29.Nxc8 Rxc8
30.Bxb7 Rb8 31.Bc6 Ne6 32.b3 Nf4 33.c4 Rc8 34.Bd7 Rc5 35.Kf1 g5 36.Rd4 Ke7
37.b4 Re5 38.a3 Ng6 39.c5 Nh4 40.c6 Nf3 41.c7 Re1+ 42.Kg2 g4 43.Rxg4 Kxd7
44.Rc4 Kc8 45.Kxf3 Ra1 46.Rc3 Ra2 47.Kg3 f4+ 48.Kf3 Rd2 49.h4 Ra2 50.Kxf4 Rxf2+
51.Kg4 Rf6 52.Rc5 a6 53.Rc3 Rb6 54.Rc4 Rd6 55.Kh5 Re6 56.a4 Rd6 57.b5  1-0

[Event "BCF-ch"]
[Site "Swansea"]
[Date "1987.??.??"]
[Round "?"]
[White "Speelman, Jonathan S"]
[Black "Ward, Christopher"]
[Result "1-0"]
[WhiteElo "2615"]
[BlackElo "2330"]

1.d4 Nf6 2.Nf3 c5 3.d5 d6 4.Nc3 e5 5.e4 Be7 6.Be2 O-O 7.O-O Ne8 8.Nd2 Bg5
9.Nc4 b6 10.a4 Bxc1 11.Qxc1 Ba6 12.Nb5 Bxb5 13.axb5 Nc7 14.f4 exf4 15.Qxf4 Nxb5
16.c3 f6 17.Ne3 Nc7 18.Nf5 Nd7 19.Nxd6 Ne5 20.Nc4 Ng6 21.Qg3 Re8 22.d6 Ne6
23.Bh5 b5 24.Na5 Ng5 25.Bxg6 hxg6 26.e5 c4 27.exf6 gxf6 28.Nc6 Qb6+ 29.Nd4 Kg7
30.Rxf6 Kxf6 31.Rf1+ Kg7 32.Qxg5 Rf8 33.Re1 Qxd6 34.Re6 Qf4 35.Rxg6+  1-0

[Event "BCF-ch"]
[Site "Swansea"]
[Date "1987.??.??"]
[Round "?"]
[White "Agnos, Demetrios"]
[Black "Speelman, Jonathan S"]
[Result "1/2-1/2"]
[WhiteElo "2330"]
[BlackElo "2615"]

1.e4 e6 2.d4 d5 3.Nd2 c5 4.exd5 Qxd5 5.Ngf3 cxd4 6.Bc4 Qd6 7.O-O Nf6 8.Nb3 Nc6
9.Nbxd4 Nxd4 10.Nxd4 a6 11.c3 Qc7 12.Bb3 Bd6 13.h3 O-O 14.Bg5 Ne4 15.Be3 b5
16.Qg4 Nc5 17.Bc2 f5 18.Qh4 e5 19.Nf3 Be7 20.Qh5 Be6 21.Bxc5 g6 22.Qh6 Bxc5
23.Nxe5 Qxe5 24.Rae1 Bxf2+ 25.Kxf2 Qc5+ 26.Qe3 Qxe3+ 27.Rxe3 Bf7 28.Bb3 Rad8
29.Rfe1 Rd6 30.Re7 Bxb3 31.axb3 Rf7 32.R1e6 Rd2+ 33.Re2 Rxe2+ 34.Rxe2 Rd7
35.Re6 Rd2+ 36.Re2 Rd6 37.Re7 Rd2+  1/2-1/2

[Event "BCF-ch"]
[Site "Swansea"]
[Date "1987.??.??"]
[Round "?"]
[White "Short, Nigel D"]
[Black "Speelman, Jonathan S"]
[Result "1-0"]
[WhiteElo "2620"]
[BlackElo "2615"]

1.e4 g6 2.d4 d6 3.Nc3 Bg7 4.Be3 a6 5.a4 Nf6 6.h3 b6 7.Nf3 O-O 8.Bc4 Nc6 9.e5 Ne8
10.Bf4 Na5 11.Ba2 c5 12.dxc5 bxc5 13.exd6 Nxd6 14.Nd5 e6 15.Bxd6  1-0

[Event "BCF-ch"]
[Site "Swansea"]
[Date "1987.??.??"]
[Round "?"]
[White "Lawton, Geoffrey W"]
[Black "Speelman, Jonathan S"]
[Result "1/2-1/2"]
[WhiteElo "2375"]
[BlackElo "2615"]

1.e4 g6 2.d4 d6 3.Nc3 Bg7 4.f4 Nf6 5.Nf3 O-O 6.Bd3 Na6 7.O-O c5 8.d5 Rb8
9.Kh1 Bg4 10.a3 Nc7 11.Rb1 b5 12.b4 c4 13.Be2 e6 14.dxe6 fxe6 15.Nd4 Bxe2
16.Ndxe2 Qd7 17.Ng3 Qc6 18.Be3 a6 19.Qe1 Rbd8 20.Rd1 e5 21.fxe5 dxe5 22.Bc5 Rfe8
23.Qe3 Rxd1 24.Rxd1 Bf8 25.Bxf8 Rxf8 26.Qg5 Qe6 27.Nf5 Nce8 28.h3 Kh8 29.Nh4 Nd6
30.Qh6 Kg8 31.Nxg6 hxg6 32.Qxg6+ Kh8  1/2-1/2

[Event "World Cup"]
[Site "Brussels"]
[Date "1988.??.??"]
[Round "?"]
[White "Speelman, Jonathan S"]
[Black "Sax, Gyula"]
[Result "0-1"]
[WhiteElo "2625"]
[BlackElo "2610"]

1.d4 Nf6 2.c4 e6 3.Nc3 Bb4 4.Qc2 O-O 5.Bg5 h6 6.Bh4 d6 7.Nf3 Nbd7 8.e3 e5
9.dxe5 dxe5 10.O-O-O Bxc3 11.Qxc3 Qe7 12.Be2 Re8 13.g4 Nf8 14.Rdg1 g5 15.Bg3 Bxg4
16.h4 Ne4 17.Qc2 Bf5 18.Bd3 Nxg3 19.Bxf5 Nxh1 20.hxg5 Rad8 21.gxh6+ Kh8 22.Rxh1 Rd6
23.Qe4 Nd7 24.Bxd7 Qxd7 25.Nxe5 f5 26.Qf4 Qe6 27.Nf3 Qe4 28.h7 Rd7 29.Qh4 Qxf3
30.Qf6+ Rg7 31.Rg1 Re7 32.Rg5 Qh1+ 33.Kc2 Qe4+ 34.Kb3 Qd3+ 35.Kb4 Qd6+ 36.Qxd6 cxd6
37.Rxf5 Rgf7 38.Rd5 Rxf2 39.b3 Rxa2  0-1

[Event "Hastings8899"]
[Site "Hastings"]
[Date "1988.??.??"]
[Round "?"]
[White "Kosten, Anthony C"]
[Black "Speelman, Jonathan S"]
[Result "1/2-1/2"]
[WhiteElo "2515"]
[BlackElo "2645"]

1.e4 c6 2.d4 d5 3.exd5 cxd5 4.c4 Nf6 5.Nc3 e6 6.Nf3 Bb4 7.cxd5 Nxd5 8.Bd2 Nc6
9.Bd3 Be7 10.a3 Bf6 11.O-O O-O 12.Qe2 Nxd4 13.Nxd4 Bxd4 14.Bxh7+ Kxh7  1/2-1/2

[Event "Hastings8899"]
[Site "Hastings"]
[Date "1988.??.??"]
[Round "?"]
[White "Larsen, Bent"]
[Black "Speelman, Jonathan S"]
[Result "1-0"]
[WhiteElo "2560"]
[BlackElo "2645"]

1.d4 d6 2.Nf3 Bg4 3.e4 Nf6 4.Nbd2 e6 5.Be2 Nc6 6.c3 d5 7.e5 Nd7 8.Nf1 f6
9.exf6 Qxf6 10.Ne3 Bh5 11.h3 O-O-O 12.Ng4 Bxg4 13.hxg4 Re8 14.Be3 Bd6 15.Qd2 e5
16.dxe5 Ndxe5 17.Nxe5 Bxe5 18.O-O-O d4 19.cxd4 Bxd4 20.g5 Qf5 21.Bxd4 Nxd4
22.Bd3 Qd5 23.Kb1 Qxg2 24.Rxh7 Rhf8 25.Rxg7 Qxf2 26.Qxf2 Rxf2 27.g6 Rd2 28.Kc1 Rxd1+
29.Kxd1 Re3 30.Kd2 Rg3 31.Rh7 Nf3+ 32.Ke2 Ne5 33.Bf5+ Kd8 34.g7  1-0

[Event "Hastings8899"]
[Site "Hastings"]
[Date "1988.??.??"]
[Round "?"]
[White "Speelman, Jonathan S"]
[Black "Smyslov, Vassily"]
[Result "1/2-1/2"]
[WhiteElo "2645"]
[BlackElo "2550"]

1.Nf3 d5 2.d4 Nf6 3.c4 c6 4.Nc3 e6 5.e3 Nbd7 6.Bd3 dxc4 7.Bxc4 b5 8.Bd3 a6
9.e4 c5 10.e5 cxd4 11.Nxb5 axb5 12.exf6 gxf6 13.O-O Qb6 14.Be4 Bb7 15.Bxb7 Qxb7
16.Nxd4 Rg8 17.Qf3 Qxf3 18.Nxf3 Rg4  1/2-1/2

[Event "Hastings8899"]
[Site "Hastings"]
[Date "1988.??.??"]
[Round "?"]
[White "Speelman, Jonathan S"]
[Black "Short, Nigel D"]
[Result "1/2-1/2"]
[WhiteElo "2645"]
[BlackElo "2665"]

1.Nf3 d5 2.d4 Bf5 3.c4 e6 4.cxd5 exd5 5.Qb3 Nc6 6.Nc3 Bb4 7.Bf4 a5 8.a3 a4
9.Qd1 Bxc3+ 10.bxc3 Nf6 11.Bg5 h6 12.Bxf6 Qxf6 13.e3 O-O 14.Bb5 Ra5 15.Be2 Ne7
16.O-O Ng6 17.Ra2 b5 18.Qd2 Rfa8 19.Ne1 Nf8 20.f3 Qd6 21.Nd3 Nd7 22.Raa1 c6
23.Nf2 Nf6 24.Bd3 Bxd3 25.Qxd3 Nd7 26.e4 Qg6 27.Rae1 R5a7 28.f4 dxe4 29.Nxe4 Qf5
30.Qf3 Nf6 31.Nxf6+ Qxf6 32.Re5 Re7 33.Rxb5 cxb5 34.Qxa8+ Kh7 35.Qd5 Re3
36.Qxb5 Rxc3 37.Qxa4 Qf5 38.Qe8 Rxa3 39.Qe5 Qd3 40.f5 Ra4 41.h3  1/2-1/2

[Event "Hastings8899"]
[Site "Hastings"]
[Date "1988.??.??"]
[Round "?"]
[White "Speelman, Jonathan S"]
[Black "Larsen, Bent"]
[Result "1/2-1/2"]
[WhiteElo "2645"]
[BlackElo "2560"]

1.Nf3 c5 2.c4 g6 3.d4 cxd4 4.Nxd4 Bg7 5.e4 Nc6 6.Be3 Nf6 7.Nc3 d6 8.Be2 O-O
9.O-O Re8 10.Rb1 a6 11.Qd2 Bd7 12.Rfd1 Rc8 13.f3 Nxd4 14.Bxd4 Be6 15.Nd5 Nxd5
16.cxd5 Bxd4+ 17.Qxd4 Bd7 18.Rbc1 Qa5 19.a3 Bb5 20.Bxb5 Qxb5 21.Kf2 Qb3 22.Re1 h5
23.h4 Rc2+  1/2-1/2